Synopsis of medical instruments and procedures/ (Record no. 108)
[ view plain ]
| 000 -LEADER | |
|---|---|
| fixed length control field | 00819nac a22001931u 4500 |
| 020 ## - INTERNATIONAL STANDARD BOOK NUMBER | |
| International Standard Book Number | 8171792901 |
| 082 ## - DEWEY DECIMAL CLASSIFICATION NUMBER | |
| Classification number | 610.284 |
| Item number | A7698 |
| 090 ## - LOCALLY ASSIGNED LC-TYPE CALL NUMBER (OCLC); LOCAL CALL NUMBER (OCLC) | |
| -- | 108 |
| -- | 108 |
| 100 ## - MAIN ENTRY--PERSONAL NAME | |
| Personal name | Arora, V.S. |
| 245 ## - TITLE STATEMENT | |
| Title | Synopsis of medical instruments and procedures/ |
| Remainder of title | V.S. Arora, Arun Yadav |
| 260 ## - PUBLICATION, DISTRIBUTION, ETC. (IMPRINT) | |
| Place of publication, distribution, etc | New Delhi |
| Name of publisher, distributor, etc | Jaypee Brothers |
| Date of publication, distribution, etc | 2003 |
| 650 ## - SUBJECT ADDED ENTRY--TOPICAL TERM | |
| Topical term or geographic name as entry element | Medical instruments and apparatus |
| 650 ## - SUBJECT ADDED ENTRY--TOPICAL TERM | |
| Topical term or geographic name as entry element | Medical electronics |
| General subdivision | Equipment and supplies |
| 650 ## - SUBJECT ADDED ENTRY--TOPICAL TERM | |
| Topical term or geographic name as entry element | Biomedical engineering |
| 700 ## - ADDED ENTRY--PERSONAL NAME | |
| Relator code | Yadav, Arun |
| 942 ## - ADDED ENTRY ELEMENTS (KOHA) | |
| Call number prefix | 610.284A7698 |
| Item type | Book - Borrowing |
| Withdrawn status | Item status | Damaged status | Not for loan | Home library | Current library | Shelving location | Date acquired | Source of acquisition | Total Checkouts | Full call number | Barcode | Date last seen | Cost, replacement price | Koha item type |
|---|---|---|---|---|---|---|---|---|---|---|---|---|---|---|
| Central Library | Central Library | First floor | 22/12/2005 | Purchase | 610.284 ARO | 000004665 | 15/07/2025 | 90.00 | Book - Borrowing | |||||
| Central Library | Central Library | First floor | 22/12/2005 | Purchase | 610.284 ARO | 000004664 | 15/07/2025 | 90.00 | Book - Borrowing |